000 00825nam a22002537a 4500
999 _c33781
_d33781
001 3073
003 CO-MdFUSB
005 20180622073130.0
008 180427t1991 sp ||||| |||| 00| 0 spa d
020 _a84-8169-155-0
040 _aCO-MdFUSB
_bspa
_cCO-MdFUSB
_dCO-MdFUSBC
_erda
041 0 _aspa
_heng
082 0 4 _aG 228 S382a
100 1 _aSchüssler Fiorenza, Elisabeth (1938-)
_eautor
245 1 0 _aApocalipsis
_b : Visión de un mundo justo
_c/ Elisabeth Schüssler Fiorenza
264 4 _aEstella, Navarra :
_b Verbo Divino,
_c©1991
300 _a216 Pag.
336 _2rdacontent
_atexto
_btxt
337 _2rdamedia
_asin mediación
_bn
338 _2rdacarrier
_avolumen
_bnc
500 _aTítulo original : Revelation : vision of a just world
653 _aBiblia N.T. - Apocalipsis - Comentarios
942 _cBK